Top 10 Cities by Projected GDP in 2035 - Statistics

General Stats
  • This quiz has been taken 93 times
  • The average score is 9 of 10
Answer Stats
City Country 2035 GDP($T) % Correct
New York City United States $2.5T
100%
Los Angeles United States $1.5T
97%
Paris France $1.1T
97%
London United Kingdom $1.3T
96%
Tokyo Japan $1.9T
96%
Beijing China $1.1T
95%
Shanghai China $1.3T
92%
Chicago United States $1.0T
82%
Guangzhou China $0.9T
63%
Shenzhen China $0.9T
39%
No matching quizzes found
Score Distribution
Percent of People with Each Score
Percentile by Number Answered
Your Score History
You have not taken this quiz